000 00431nam a22001817a 4500
003 MPLRDC
005 20220104113532.0
008 210129b ||||| |||| 00| 0 eng d
020 _a7-5404-0776-X
082 _a848.1 ZZR-3
100 _a周作人著
245 _a雨中的人生
_c
250 _a一版一刷
260 _a
_b湖南文艺出版社
_c1991
300 _b
650 _a现代别集
942 _cBK
_o848.1 ZZR-3
999 _c412
_d402